000
00262nam a22001217a 4500
082
_a
621.3 HUG'E
100
_a
HUGHES, EDWARDS
_9
80500
245
_a
ELECTRICAL TECHNOLOGIES
250
_a
3RD
260
_a
LONDON
_b
LONGMAN
_c
1960
300
_a
709P
942
_c
BK
999
_c
585424
_d
585424